000 01490nam a2200301Ia 4500
003 PE SENCICO BE
005 20251020182433.0
008 200515s9999 xx 000 0 und d
020 _a978-958-648-575-3
040 _aPE SENCICO BE
_cPE SENCICO BE
041 _aspa
082 _a363.11
_bT83 2009
100 1 _aTrujillo Mejía, Raúl Felipe
_92651
_eautor
245 1 0 _aSeguridad ocupacional /
_cRaúl Felipe Trujillo Mejía
250 _a4a ed.
260 _aBogotá, D.C. :
_bEcoe ediciones ;
_c2009
300 _axviii, 334 p. :
_btbl., graf. ;
_c24 cm.
505 0 _aHistoria de la seguridad ocupacional -- Datos de accidentalidad y estadísticos -- La seguridad ocupacional en el marco ocupacional -- Hogar seguro, hogar feliz -- Los accidentes de trabajo y sus estadísticas -- Almacenamiento y manipulación de bienes -- Manejo seguro de herramientas -- Manejo seguro de la electricidad -- Tecnología básica del fuego -- Control y extinción del fuego -- Manejo seguro de los gases -- Permiso de trabajo -- Inspecciones planeadas -- Elementos de protección personal -- Control total de pérdidas: un lenguaje gerencial
650 1 0 _aRiesgos laborales
_9610
650 2 0 _aAdministración de personal
_92317
650 2 0 _aSeguridad industrial
_996
650 2 0 _aAccidentes de trabajo
_9348
650 2 0 _aInspección de fabricas
_92652
650 2 0 _aResponsabilidad patronal
_92653
650 2 0 _aLegislación
_91707
651 1 0 _92435
_aColombia
942 _cLIB
_2ddc
999 _c305
_d305